000 00572nam a2200205 a 4500
001 12238
003 CO-ViMGA
008 141112s2004 ck r 000 u spa d
020 _a8408018094
040 _aCO-ViMGA
_bspa
_cCO-ViMGA
082 0 4 _aR791.4303 T783d
100 1 _aTrueba, Fernando
_917405
245 1 0 _aDiccionario de cine
260 _aBarcelona,
_cEd. Planeta,
_c1998
300 _a343 p.
490 _aDiccionarios de autor
590 _aPrecio : 67.000 - - Fecha de adquisición : Ag. 23, 2000
650 1 4 _aCINE - DICCIONARIOS
_917406
942 _2ddc
_cBK
999 _c23252
_d23252